| 000 | 01145cam a2200337 a 4500 | ||
|---|---|---|---|
| 001 | 12109783 | ||
| 003 | OSt | ||
| 005 | 20140310184341.0 | ||
| 008 | 000717s2001 nyu c 000 1 eng | ||
| 010 | _a 00059925 | ||
| 020 | _a0375904344 (lib. bdg.) | ||
| 020 | _a037580434X (trade) | ||
| 040 |
_aDLC _cDLC _dDLC |
||
| 042 | _alcac | ||
| 050 | 0 | 0 |
_aPZ 7 _b.W24644 2002 |
| 100 | 1 |
_aWarner, Sally, _d1946- _924521 |
|
| 245 | 1 | 0 |
_aHow to be a real person (in just one day) / _cSally Warner. |
| 250 | _a1st ed. | ||
| 260 |
_aNew York : _bDistributed by Random House, _c2002. |
||
| 300 |
_a123 p. : _c22 cm. |
||
| 521 | _aG4 | ||
| 526 | _c690 | ||
| 650 | 1 |
_aMental illness _vFiction. _924522 |
|
| 650 | 1 |
_aMothers and daughters _vFiction. _924523 |
|
| 856 | 4 | 2 |
_3Publisher description _uhttp://www.loc.gov/catdir/description/random042/00059925.html |
| 906 |
_a7 _bcbc _corignew _d1 _eocip _f20 _gy-gencatlg |
||
| 942 |
_2lcc _cBK-SCHOLAS |
||
| 999 |
_c33820 _d33820 |
||